| Tag |
First Indicator |
Second Indicator |
Subfields |
| LEADER |
00000cam a22000001 4500 |
| 001 |
in00000445803 |
| 005 |
20151012084749.0 |
| 008 |
711216s1965 nyua 00010 eng |
| 010 |
|
|
|a 65014238
|
| 035 |
|
|
|a (OCoLC)00634726
|
| 035 |
|
|
|9 ABY1981AM
|
| 040 |
|
|
|a DLC
|c DLC
|d TXA
|d UtOrBLW
|
| 043 |
|
|
|a n-us---
|
| 049 |
|
|
|a TXAM
|c [460558]
|
| 050 |
0 |
0 |
|a E161
|b .W489 1965
|
| 082 |
0 |
|
|a 390.0973
|
| 092 |
|
|
|a 390.0973
|b W747a
|
| 100 |
1 |
|
|a Wilson, Everett Broomall,
|d 1900-
|
| 245 |
1 |
0 |
|a America's vanishing folkways /
|c by Everett B. Wilson.
|
| 264 |
|
1 |
|a New York :
|b A.S. Barnes,
|c [1965]
|
| 300 |
|
|
|a 224 pages :
|b illustrations ;
|c 26m.
|
| 336 |
|
|
|a text
|b txt
|2 rdacontent
|
| 337 |
|
|
|a unmediated
|b n
|2 rdamedia
|
| 338 |
|
|
|a volume
|b nc
|2 rdacarrier
|
| 651 |
|
0 |
|a United States
|x Social life and customs.
|
| 999 |
|
|
|a MARS
|
| 999 |
f |
f |
|s 50b51fd4-13d8-38c9-b45e-e0f686f9725d
|i ebeb1b14-c192-3104-93ed-5cf673bf19d4
|t 0
|
| 952 |
f |
f |
|p ric
|a Texas A&M University
|b Rellis Campus
|c Joint Library Facility
|d Remote Storage
|t 0
|e E161 .W489 1965
|h Library of Congress classification
|i unmediated -- volume
|m A14800883112
|
| 998 |
f |
f |
|a E161 .W489 1965
|t 0
|l Remote Storage
|